| 000 | 00927nam a2200241Ia 4500 | ||
|---|---|---|---|
| 999 |
_c37779 _d37779 |
||
| 001 | 3756 | ||
| 003 | GE_BSU | ||
| 005 | 20190806174113.0 | ||
| 008 | 181216s1995||||ge |||||||||||||| ||geo|| | ||
| 040 | _cGE_BSU | ||
| 041 | _ageo | ||
| 080 | _a08(479.22) შ–20 | ||
| 100 |
_aშამილაძე, ვახტანგ _91457 |
||
| 245 |
_aსიმართლეს თვალი გავუსწოროთ : _bსტატიები და წერილები / _cრედ.: ოთარ მიმინოშვილი. |
||
| 260 | _aბათუმი | ||
| 264 |
_a ბათუმი : _bაჭარა, _c1995. |
||
| 300 |
_a135 გვ. ; _b19 სმ. |
||
| 546 | _aრეზ. რუს. ენ. | ||
| 653 | _aსტატიები | ||
| 653 | _aწერილები | ||
| 700 |
_aმიმინოშვილი, ომარ _eრედაქტორი _93433 |
||
| 942 |
_cBK _2udc |
||